|
|
|
|
| LEADER |
01533nam a2200397 a 4500 |
| 001 |
EBC459572 |
| 003 |
MiAaPQ |
| 005 |
20200520144314.0 |
| 006 |
m o d | |
| 007 |
cr cn||||||||| |
| 008 |
071121s2008 dcud s 000 0 eng |
| 010 |
|
|
|z 2007047632
|
| 020 |
|
|
|z 9780821371152 (alk. paper)
|
| 020 |
|
|
|z 0821371150 (alk. paper)
|
| 020 |
|
|
|a 9780821371169 (electronic bk.)
|
| 035 |
|
|
|a (MiAaPQ)EBC459572
|
| 035 |
|
|
|a (Au-PeEL)EBL459572
|
| 035 |
|
|
|a (CaPaEBR)ebr10215812
|
| 035 |
|
|
|a (CaONFJC)MIL123936
|
| 035 |
|
|
|a (OCoLC)320323528
|
| 040 |
|
|
|a MiAaPQ
|c MiAaPQ
|d MiAaPQ
|
| 043 |
|
|
|a fb-----
|
| 050 |
|
4 |
|a LC67.58.A357
|b L48 2008
|
| 082 |
0 |
4 |
|a 379.1/130967
|2 22
|
| 100 |
1 |
|
|a Lewin, Keith.
|
| 245 |
1 |
0 |
|a Strategies for sustainable financing of secondary education in Sub-Saharan Africa
|h [electronic resource] /
|c Keith M. Lewin.
|
| 260 |
|
|
|a Washington, D.C. :
|b World Bank,
|c c2008.
|
| 300 |
|
|
|a xv, 170 p. :
|b charts.
|
| 490 |
0 |
|
|a World Bank working paper series ;
|v 136
|
| 533 |
|
|
|a Electronic reproduction. Ann Arbor, MI : ProQuest, 2015. Available via World Wide Web. Access may be limited to ProQuest affiliated libraries.
|
| 650 |
|
0 |
|a Education, Secondary
|x Economic aspects
|z Africa, Sub-Saharan.
|
| 650 |
|
0 |
|a Education, Secondary
|z Africa, Sub-Saharan
|x Finance.
|
| 650 |
|
0 |
|a Sustainable development
|z Africa, Sub-Saharan.
|
| 655 |
|
4 |
|a Electronic books.
|
| 710 |
2 |
|
|a ProQuest (Firm)
|
| 856 |
4 |
0 |
|u https://ebookcentral.proquest.com/lib/matrademy/detail.action?docID=459572
|z Click to View
|